<?xml version="1.0" encoding="UTF-8"?>
<record
    xmlns:xsi="http://www.w3.org/2001/XMLSchema-instance"
    xsi:schemaLocation="http://www.loc.gov/MARC21/slim http://www.loc.gov/standards/marcxml/schema/MARC21slim.xsd"
    xmlns="http://www.loc.gov/MARC21/slim">

  <leader>01773nam2a2200373   4500</leader>
  <controlfield tag="001">v19\rc\1322860</controlfield>
  <controlfield tag="005">20250618120440.0</controlfield>
  <datafield tag="035" ind1=" " ind2=" ">
    <subfield code="a">(NLR Aleph) 004559598</subfield>
  </datafield>
  <datafield tag="090" ind1=" " ind2=" ">
    <subfield code="a">2255538</subfield>
    <subfield code="c">2255538</subfield>
  </datafield>
  <datafield tag="100" ind1=" " ind2=" ">
    <subfield code="a">20060512d1830    |||y0rusy50      ca</subfield>
  </datafield>
  <datafield tag="101" ind1="0" ind2=" ">
    <subfield code="a">rus</subfield>
  </datafield>
  <datafield tag="102" ind1=" " ind2=" ">
    <subfield code="a">RU</subfield>
  </datafield>
  <datafield tag="105" ind1=" " ind2=" ">
    <subfield code="a">c   z   000by</subfield>
  </datafield>
  <datafield tag="200" ind1="1" ind2=" ">
    <subfield code="a">[&#x411;&#x440;&#x438;&#x433;&#x430;&#x434;&#x438;&#x440;</subfield>
    <subfield code="a">&#x41D;&#x435;&#x434;&#x43E;&#x440;&#x43E;&#x441;&#x43B;&#x44C;</subfield>
    <subfield code="e">&#x43A;&#x43E;&#x43C;&#x435;&#x434;&#x438;&#x438;]</subfield>
  </datafield>
  <datafield tag="210" ind1=" " ind2=" ">
    <subfield code="d">1830</subfield>
    <subfield code="a">&#x411;. &#x43C;.</subfield>
  </datafield>
  <datafield tag="215" ind1=" " ind2=" ">
    <subfield code="a">VIII, [2], 263 &#x441;., [1] &#x43B;. &#x43F;&#x43E;&#x440;&#x442;&#x440;.</subfield>
  </datafield>
  <datafield tag="316" ind1=" " ind2=" ">
    <subfield code="a">&#x42D;&#x43A;&#x437;. &#x420;&#x41D;&#x411; (130/3320(1)) &#x434;&#x435;&#x444;.: &#x43E;&#x442;&#x441;&#x443;&#x442;&#x441;&#x442;&#x432;&#x443;&#x435;&#x442; 1 &#x43B;. &#x43F;&#x43E;&#x440;&#x442;&#x440;.</subfield>
    <subfield code="5">NLR: 130/3320(1)</subfield>
  </datafield>
  <datafield tag="327" ind1="1" ind2=" ">
    <subfield code="a">&#x412; &#x43A;&#x43D;. &#x442;&#x430;&#x43A;&#x436;&#x435;: &#x41F;&#x440;&#x435;&#x434;&#x443;&#x432;&#x435;&#x434;&#x43E;&#x43C;&#x43B;&#x435;&#x43D;&#x438;&#x435; / &#x41F;&#x43B;[&#x430;&#x442;&#x43E;&#x43D;] &#x411;&#x435;&#x43A;[&#x435;&#x442;&#x43E;&#x432;]</subfield>
  </datafield>
  <datafield tag="461" ind1=" " ind2="0">
    <subfield code="1">001v19\rc\1322859</subfield>
    <subfield code="1">2001#$a&#x41F;&#x43E;&#x43B;&#x43D;&#x43E;&#x435; &#x441;&#x43E;&#x431;&#x440;&#x430;&#x43D;&#x438;&#x435; &#x441;&#x43E;&#x447;&#x438;&#x43D;&#x435;&#x43D;&#x438;&#x439; &#x414;. &#x418;. &#x444;&#x43E;&#x43D; &#x412;&#x438;&#x437;&#x438;&#x43D;&#x430;$v&#x427;. 1</subfield>
    <subfield code="1">700#1$a&#x424;&#x43E;&#x43D;&#x432;&#x438;&#x437;&#x438;&#x43D;$b&#x414;. &#x418;.$f1745-1792$g&#x414;&#x435;&#x43D;&#x438;&#x441; &#x418;&#x432;&#x430;&#x43D;&#x43E;&#x432;&#x438;&#x447;$3RU\NLR\AUTH\7711401</subfield>
    <subfield code="9">2255529</subfield>
    <subfield code="a">&#x424;&#x43E;&#x43D;&#x432;&#x438;&#x437;&#x438;&#x43D;, &#x414;. &#x418;. (1745-1792)</subfield>
    <subfield code="c">&#x41C;&#x43E;&#x441;&#x43A;&#x432;&#x430;</subfield>
    <subfield code="d">1830</subfield>
    <subfield code="n">&#x421;&#x430;&#x43B;&#x430;&#x435;&#x432;</subfield>
    <subfield code="o">&#x427;. 1-4</subfield>
    <subfield code="p">4 &#x442;.</subfield>
    <subfield code="t">&#x41F;&#x43E;&#x43B;&#x43D;&#x43E;&#x435; &#x441;&#x43E;&#x431;&#x440;&#x430;&#x43D;&#x438;&#x435; &#x441;&#x43E;&#x447;&#x438;&#x43D;&#x435;&#x43D;&#x438;&#x439; &#x414;.&#x418;. &#x424;&#x43E;&#x43D; &#x412;&#x438;&#x437;&#x438;&#x43D;&#x430;</subfield>
    <subfield code="v">&#x427;. 1</subfield>
  </datafield>
  <datafield tag="464" ind1=" " ind2="0">
    <subfield code="1">2001#$a[&#x41F;&#x440;&#x435;&#x434;&#x443;&#x432;&#x435;&#x434;&#x43E;&#x43C;&#x43B;&#x435;&#x43D;&#x438;&#x435;]$f&#x41F;&#x43B;[&#x430;&#x442;&#x43E;&#x43D;] &#x411;&#x435;&#x43A;[&#x435;&#x442;&#x43E;&#x432;]</subfield>
    <subfield code="1">700#1$a&#x411;&#x435;&#x43A;&#x435;&#x442;&#x43E;&#x432;$b&#x41F;. &#x41F;.$f1761-1836$g&#x41F;&#x43B;&#x430;&#x442;&#x43E;&#x43D; &#x41F;&#x435;&#x442;&#x440;&#x43E;&#x432;&#x438;&#x447;$3RU\NLR\AUTH\770274331</subfield>
    <subfield code="t">[&#x41F;&#x440;&#x435;&#x434;&#x443;&#x432;&#x435;&#x434;&#x43E;&#x43C;&#x43B;&#x435;&#x43D;&#x438;&#x435;]</subfield>
    <subfield code="a">&#x411;&#x435;&#x43A;&#x435;&#x442;&#x43E;&#x432;, &#x41F;&#x43B;&#x430;&#x442;&#x43E;&#x43D; &#x41F;&#x435;&#x442;&#x440;&#x43E;&#x432;&#x438;&#x447; (1761-1836)</subfield>
  </datafield>
  <datafield tag="801" ind1=" " ind2="0">
    <subfield code="a">RU</subfield>
    <subfield code="b">NLR</subfield>
    <subfield code="g">psbo</subfield>
  </datafield>
  <datafield tag="801" ind1=" " ind2="0">
    <subfield code="a">RU</subfield>
    <subfield code="b">RuMoRGB</subfield>
    <subfield code="2">psbo</subfield>
  </datafield>
  <datafield tag="801" ind1=" " ind2="1">
    <subfield code="a">RU</subfield>
    <subfield code="b">ProSoft-M</subfield>
    <subfield code="2">rusmarc</subfield>
  </datafield>
  <datafield tag="852" ind1=" " ind2=" ">
    <subfield code="a">NLR</subfield>
    <subfield code="j">18.47.5.12(1)</subfield>
  </datafield>
  <datafield tag="852" ind1=" " ind2=" ">
    <subfield code="a">NLR</subfield>
    <subfield code="j">130/3320(1)</subfield>
  </datafield>
  <datafield tag="899" ind1=" " ind2=" ">
    <subfield code="a">RuMoRGB</subfield>
    <subfield code="j">U 27/495</subfield>
  </datafield>
  <datafield tag="899" ind1=" " ind2=" ">
    <subfield code="a">RuMoRGB</subfield>
    <subfield code="j">E 85/399</subfield>
  </datafield>
  <datafield tag="899" ind1=" " ind2=" ">
    <subfield code="a">&#x411;&#x410;&#x41D;</subfield>
  </datafield>
  <datafield tag="899" ind1=" " ind2=" ">
    <subfield code="a">&#x41D;&#x411; &#x421;&#x41F;&#x431;&#x413;&#x423;</subfield>
  </datafield>
  <datafield tag="899" ind1=" " ind2=" ">
    <subfield code="a">&#x413;&#x41F;&#x418;&#x411;</subfield>
  </datafield>
  <datafield tag="899" ind1=" " ind2=" ">
    <subfield code="a">&#x41D;&#x411; &#x41C;&#x413;&#x423;</subfield>
  </datafield>
  <datafield tag="942" ind1=" " ind2=" ">
    <subfield code="c">BOOK</subfield>
  </datafield>
  <datafield tag="980" ind1=" " ind2=" ">
    <subfield code="a">NB</subfield>
  </datafield>
  <datafield tag="995" ind1=" " ind2=" ">
    <subfield code="5">2013-10-26</subfield>
    <subfield code="b">NLR02</subfield>
    <subfield code="c">NLR02</subfield>
    <subfield code="e">RFS</subfield>
    <subfield code="f">4559598-10</subfield>
    <subfield code="k">18.47.5.12(1)</subfield>
    <subfield code="o">0</subfield>
    <subfield code="r">BOOK</subfield>
    <subfield code="s">18475121_</subfield>
  </datafield>
  <datafield tag="995" ind1=" " ind2=" ">
    <subfield code="5">2013-10-26</subfield>
    <subfield code="b">NLR02</subfield>
    <subfield code="c">NLR02</subfield>
    <subfield code="e">RFS</subfield>
    <subfield code="f">4559598-20</subfield>
    <subfield code="k">130/3320(1)</subfield>
    <subfield code="o">0</subfield>
    <subfield code="r">BOOK</subfield>
    <subfield code="s">13033201_</subfield>
  </datafield>
</record>
